| 000 | 00685nam a2200205 a 4500 | ||
|---|---|---|---|
| 001 | 000010167 | ||
| 005 | 20240619113635.0 | ||
| 008 | 091005s1995 dr a 000 p spa d | ||
| 040 |
_aDO-SdBNP _bspa _cBNPHU |
||
| 082 |
_aRD861.44 _bG861c |
||
| 100 | 1 |
_aGrimaldi Silié, Eleanor, _d1948- _985713 |
|
| 245 | 1 | 0 |
_aCristal de ilusiones / _cEleanor Grimaldi Silié ; ilustrador Teresita Jiménez. |
| 260 |
_aSanto Domingo : _bTaller, _c1995. |
||
| 300 |
_a52 p. : _bil. ; _c21 cm. |
||
| 590 | _aInventariado, 2018/LP | ||
| 650 | 0 |
_aPoesía dominicana _966 |
|
| 650 | 0 |
_aLiteratura dominicana. _967 |
|
| 700 | 1 |
_aJiménez, Teresita, _eil. _925163 |
|
| 910 | _aValidado. Control de calidad BNPHU | ||
| 999 |
_c9926 _d9926 |
||